Normal view
MARC view
- Technology.
Entry Topical Term
001 - CONTROL NUMBER
- control field: 45234
003 - CONTROL NUMBER IDENTIFIER
- control field: OSt
005 - DATE AND TIME OF LATEST TRANSACTION
- control field: 20220525161935.0
008 - FIXED-LENGTH DATA ELEMENTS
- fixed length control field: 220525|| aca||aabn | a|a d
040 ## - CATALOGING SOURCE
- Original cataloging agency: OSt
- Transcribing agency: OSt
150 ## - HEADING--TOPICAL TERM
- Topical term or geographic name entry element: Technology.
670 ## - SOURCE DATA FOUND
- Source citation: Work cat.: (OSt): Banks, Lisa. 45213, Tablets to put pressure on networks/, ©2010-2011.
